000 00396nam a22001337a 4500
003 SGT
020 _a9789381500552
082 _a320
_bS24S
100 _aसिंह, आशुतोष
245 _aसम -वेदना :कोरोना काल में स्वानुभूति
260 _bसुरुचि प्रकाशन
_c2024
300 _a206
942 _2ddc
_cBK
999 _c32065
_d32065